[Event "33rd ECCC Open 2017"]
[Site "Antalya"]
[Date "2017.10.13"]
[Round "3"]
[White "Kveinys, Aloyzas"]
[Black "Sylvan, Jacob"]
[Result "1-0"]
[WhiteElo "2535"]
[BlackElo "2363"]
[Annotator "TA"]
[PlyCount "107"]
[EventType "team-tourn"]
[EventCountry "TUR"]
[WhiteTeam "Riga"]
[BlackTeam "Nordkalotten"]

{[%evp 9,107,0,1,-10,0,0,0,0,34,-30,-25,-45,-48,-47,-18,-40,-40,-37,-23,-22,-22,-26,12,10,49,-33,-25,-52,-55,-50,-50,-49,-24,-21,12,0,0,6,7,14,40,0,37,15,34,23,22,10,23,0,20,6,33,36,38,16,14,0,0,0,13,8,13,0,0,0,21,30,36,29,57,53,90,85,82,78,98,98,151,150,186,184,254,212,236,239,405,382,524,271,294,181,287,276,320,342,352,334,360,345]} 1. e4 c5 2. Nf3 e6 3. g3 Nc6 4. Bg2 Nf6 5. Qe2 e5 6. c3 {B40: Sicilian: 2...e6, Unusual lines} Be7 7. O-O O-O 8. Na3 {The position is equal.} d5 9. d3 $146 (9. exd5 $14 Qxd5 10. d3) ({Predecessor:} 9. exd5 Qxd5 10. Ne1 Bg4 11. f3 Be6 12. f4 e4 {½-½ (31) Wang,C (2513)-Wang,Y (2717) China 2014}) 9... d4 10. cxd4 cxd4 11. Nc4 Qc7 12. Bd2 b5 13. Na3 a6 14. Rfc1 Bd7 15. Nh4 Rac8 16. Nf5 Rfe8 17. Qf3 ({White should play} 17. Nxe7+ $14 Rxe7 18. f4) 17... Qd8 $15 18. Bg5 Nb4 19. Rxc8 Bxc8 20. Qd1 Be6 21. Nc2 {[%cal Ba3c2,Bc2e1,Be1f3][%mdl 32]} Nc6 22. Ne1 h6 23. Nxe7+ Qxe7 ({Reject} 23... Rxe7 $6 24. Bxf6 gxf6 25. Qc1 $16) 24. Bd2 Rc8 25. a3 Qd7 26. Rc1 Ne7 27. Nf3 Ng6 28. Bb4 Rc6 29. Bd2 Rc8 30. Rc2 Ne8 {[#] aiming for ...Bb3.} 31. Qc1 Nd6 32. Bb4 Nb7 33. h4 f6 34. h5 Nf8 35. Nh4 $36 {[%mdl 2048] White is pushing.} a5 36. Bxf8 {Ng6 is the strong threat.} Kxf8 37. Ng6+ Kf7 38. f4 Rxc2 39. Qxc2 Qc8 40. Qd2 exf4 41. Qxf4 {Threatens to win with e5.} Nc5 {[#]} 42. Bf1 $1 Nd7 43. Qd6 {Hoping for Qe7+.} Qe8 (43... Ne5 $142) 44. Qxd4 $16 Kg8 45. Qd6 Bf7 (45... Bg4 $142 46. Qd5+ Kh7) 46. Ne7+ Kh8 47. d4 Bxh5 $2 (47... Nf8 48. Nf5 Kh7) 48. Bxb5 $18 Bg4 49. Kf2 Qh5 50. Bf1 ({Worse is} 50. Bxd7 Qh2+ 51. Kf1 Qe2+ 52. Kg1 Qe1+ 53. Kg2 Qxe4+ 54. Kh2 Qe2+ 55. Kg1 Qe1+ 56. Kg2 Qe2+ 57. Kg1 Qe3+ 58. Kg2 Qe2+ 59. Kg1 $11) 50... Qh2+ (50... Qh1 $142) 51. Bg2 {Intending Qd5 and mate.} Bh3 52. Ng6+ Kg8 53. Qd5+ Kh7 54. Nf4 {Precision: White = 50%, Black = 48%.} 1-0

[Event "33rd ECCC Open 2017"]
[Site "Antalya"]
[Date "2017.10.11"]
[Round "3"]
[White "Sprenger, Jan Michael"]
[Black "Sadikhov, Ulvi"]
[Result "1-0"]
[WhiteElo "2513"]
[BlackElo "2487"]
[Annotator "TA"]
[PlyCount "63"]
[EventType "team-tourn"]
[EventCountry "TUR"]
[WhiteTeam "Leiden"]
[BlackTeam "Karaman"]

{[%evp 18,63,50,47,48,31,46,49,45,42,64,18,86,94,89,88,74,45,85,95,88,116,103,95,147,128,144,142,296,329,399,392,390,385,606,608,614,606,1226,1291,1300,1286,1532,1509,12835,12835,12831,6463]} 1. e4 c5 2. Nf3 Nc6 3. d4 cxd4 4. Nxd4 Qb6 5. Nb3 Nf6 6. Nc3 e6 7. Bd3 a6 8. Be3 Qc7 9. f4 d6 10. Qf3 b5 {B33: Sicilian: Pelikan and Sveshnikov Variations} (10... Be7 11. g4 b6 12. O-O-O Nd7 13. Kb1 Nc5 14. g5 Bd7 15. Qf2 Nb4 16. Bd4 Rg8 17. Rhe1 Nbxd3 18. cxd3 O-O-O 19. Rc1 {½-½ (41) Ragger,M (2656)-Movsesian,S (2677) Linares 2017}) 11. g4 {[%cal Bg2g4,Bg4g5][%mdl 32]} Bb7 12. g5 Nd7 {White is slightly better.} 13. O-O-O Nb4 14. Kb1 Be7 (14... Nxd3 $11 15. cxd3 Be7) 15. Be2 $36 {[%mdl 2048] White is really pushing.} Nxc2 16. Rc1 $1 {[%cal Rc1c2]} Nxe3 {[#]} 17. Nxb5 $1 Qb6 $146 ({Predecessor:} 17... Qd8 18. Qxe3 axb5 19. Bxb5 O-O 20. Rhe1 e5 21. h4 exf4 22. Qxf4 {0-1 (41) Cipka,I (2386)-Fichaud,A (2414) ICCF email 2013}) 18. Nc7+ Kd8 {aiming for ...Rc8.} 19. Nxa8 Bxa8 20. Rc3 {[#] And now Rhc1 would win.} Nf5 $1 {[%mdl 512]} 21. Rhc1 {[%csl Gc1][%cal Rc3c8][%mdl 1024] White has strong compensation.} (21. exf5 Bxf3) 21... Nc5 {[#]} 22. Bd3 $1 ({Stronger than} 22. Nxc5 dxc5 23. Rb3 Qc7 $17) 22... Nh4 $2 (22... Nxb3 $16 {was called for.} 23. Rxb3 Qa7) 23. Qf2 $18 Ng6 {[#]} 24. e5 $1 {[%mdl 512]} Bd5 (24... dxe5 25. Nxc5) 25. exd6 Bxd6 (25... Na4 $142 26. Rc8+ Kd7 27. Qxb6 Nxb6) 26. Nxc5 {White is clearly winning.} Ke7 27. f5 Nf4 {[#]} 28. f6+ $1 gxf6 29. gxf6+ Ke8 30. Nxa6 Qxf2 31. Bb5+ Bc6 32. Rxc6 {Precision: White = 97%, Black = 35%.} 1-0

[Event "33rd ECCC Open 2017"]
[Site "Antalya"]
[Date "2017.10.11"]
[Round "3"]
[White "Greenfeld, Alon"]
[Black "Halldorsson, Jon Arni"]
[Result "1-0"]
[WhiteElo "2509"]
[BlackElo "2147"]
[Annotator "TA"]
[PlyCount "65"]
[EventType "team-tourn"]
[EventCountry "TUR"]
[WhiteTeam "Beer Sheva"]
[BlackTeam "Fjolnir"]

{[%evp 17,65,0,21,20,33,20,29,26,30,8,32,0,0,0,0,-22,-44,-26,57,57,57,57,56,54,51,54,56,56,57,49,55,43,55,60,87,76,106,107,335,334,358,334,338,297,831,809,1473,935,1602,1460]} 1. d4 d5 2. c4 c6 3. Nf3 Nf6 4. Nc3 dxc4 5. a4 Bf5 6. Nh4 Bc8 7. e3 e5 8. Bxc4 exd4 9. exd4 Be7 10. O-O {D17: Slav Defence: 5 a4 Bf5: Lines with 6 Nh4 and 6 Ne5} O-O 11. Nf3 Na6 12. Qb3 {White has an edge.} Nc7 13. Bg5 Rb8 14. Rfe1 Be6 {[#]} 15. Bxe6 $146 ({Predecessor:} 15. Rad1 Bxc4 16. Qxc4 Ncd5 17. Nxd5 cxd5 18. Qb3 Re8 19. Re5 Qd7 20. Bxf6 Bxf6 21. Rxd5 {1-0 (49) Moiseenko,A (2658)-Grachev,B (2668) Plovdiv 2010}) 15... Nxe6 16. Rxe6 fxe6 17. Bf4 Nd5 (17... Rc8 $11) 18. Bxb8 $14 Qxb8 19. Re1 $36 {[%mdl 2048] White has some pressure.} Qc8 20. Nxd5 cxd5 21. Qe3 Bf6 22. b3 Re8 23. h3 Qc7 24. g3 {[%cal Bg2g3,Bg3g4,Bg4g5][%mdl 32]} Qb6 25. Kg2 Kf7 26. h4 Rc8 27. g4 g6 $2 {[#]} (27... Re8 $16 {keeps fighting.}) 28. Qf4 $18 Kg7 29. g5 Be7 30. Qg4 Rc6 $2 (30... Re8 31. h5 (31. Qxe6 Qxe6 32. Rxe6 Kf7 $16) 31... Bf8) 31. Ne5 {White is clearly winning.} Rc7 32. h5 gxh5 33. Qxh5 {Precision: White = 85%, Black = 33%.} 1-0

[Event "33rd ECCC Open 2017"]
[Site "Antalya"]
[Date "2017.10.11"]
[Round "3"]
[White "Mogranzini, Roberto"]
[Black "Mirzoev, Azer"]
[Result "1-0"]
[WhiteElo "2501"]
[BlackElo "2555"]
[Annotator "TA"]
[PlyCount "109"]
[EventType "team-tourn"]
[EventCountry "TUR"]
[WhiteTeam "Padova"]
[BlackTeam "Odlar Yurdu"]

{[%evp 20,109,43,54,48,38,32,35,42,48,76,80,47,65,122,36,124,124,128,124,136,122,119,119,117,119,137,135,126,128,125,93,98,91,98,81,83,89,86,84,87,93,93,89,91,80,70,68,71,55,80,80,77,62,66,65,67,69,60,54,122,122,125,125,125,125,139,104,104,104,104,105,708,594,740,785,942,904,904,761,519,410,29983,29984,29984,29985,29985,29986,29986,29986,29988,29988]} 1. c4 e6 2. g3 d5 3. Nf3 Nf6 4. Bg2 Be7 5. O-O O-O 6. b3 c5 7. cxd5 Nxd5 8. Bb2 b6 9. d4 {A14: English Opening: 1...e6 with b3 by White} cxd4 (9... Bb7 10. dxc5 Bxc5 11. Nc3 Nd7 12. Qb1 Rc8 13. Nxd5 Bxd5 14. Rd1 Qe7 15. Nd4 Nf6 16. Bxd5 Nxd5 17. a3 Rfd8 18. Qe4 h6 {½-½ (39) Almasi,Z (2688)-Dominguez Perez,L (2723) Varadero 2016}) 10. Nxd4 Bb7 11. Nd2 {LiveBook: 5 Games. White is slightly better.} Nd7 12. Nc4 Nc5 13. Qd2 $146 ({Predecessor:} 13. e3 Rc8 14. Qe2 Ba6 15. Rfd1 Na4 16. Rac1 Nxb2 17. Qxb2 Bb7 18. Nb5 Qe8 19. Nbd6 Bxd6 20. Nxd6 Rxc1 21. Rxc1 {1-0 (51) Spieker,A-Storkebaum,U Darmstadt 1997}) 13... Rc8 14. Rac1 Nf6 15. Bxb7 Nxb7 16. Rfd1 Qd5 (16... Bc5 $14) 17. Qf4 (17. Ne3 $16 Qd6 18. Ndf5 $1 {[%mdl 512]} exf5 19. Nxf5) 17... Rfd8 ({Better is} 17... Nc5 $14) 18. Ne3 $16 Qe4 19. Qxe4 Nxe4 20. Nc6 Rxd1+ 21. Nxd1 Kf8 22. Nxa7 Ra8 23. Rc8+ Rxc8 24. Nxc8 Bc5 25. b4 Bxb4 26. Nxb6 f6 27. a3 Ba5 28. Nc4 Bc7 29. Nc3 (29. f3 {feels hotter.} Nec5 30. Kf2 Ke7 31. Ke3 Kd7 32. Bd4) 29... Ned6 30. Nxd6 Nxd6 {[%mdl 4096] Endgame KBN-KBN} 31. a4 Nc4 32. Bc1 Ke7 33. Nb5 Ba5 34. Nd4 Kd7 35. Nb3 Bb4 36. e4 e5 37. Kf1 $1 Kc6 $1 38. Ke2 Nb6 $1 39. a5 {[%cal Ba4a5,Ba5a6][%mdl 32]} Nc4 (39... Nd7 $14) 40. a6 Kb6 41. Kd3 Nd6 {[#]} 42. f4 $1 exf4 43. Bxf4 Kxa6 44. Bxd6 Bxd6 {KB-KN} 45. Kc4 h5 $2 {[%mdl 8192]} (45... Kb7 $16) 46. Kd5 Bb8 47. Nc5+ Kb5 48. Ne6 g5 49. Ng7 h4 {[#]} 50. gxh4 $1 {[%cal Bg3h4,Bh4h5,Bh5h6][%mdl 32]} Bxh2 (50... gxh4 $18 51. h3 Bg3) 51. h5 {White mates.} g4 52. h6 g3 53. Nf5 g2 54. Nd4+ Kb6 55. Nf3 {Precision: White = 76%, Black = 50%.} 1-0

[Event "33rd ECCC Open 2017"]
[Site "Antalya"]
[Date "2017.10.11"]
[Round "3"]
[White "Johannessen, Leif Erlend"]
[Black "Sukovic, Andrej"]
[Result "1/2-1/2"]
[WhiteElo "2496"]
[BlackElo "2214"]
[Annotator "TA"]
[PlyCount "66"]
[EventType "team-tourn"]
[EventCountry "TUR"]
[WhiteTeam "Oslo"]
[BlackTeam "Elektroprivreda"]

{[%evp 28,66,57,66,87,63,102,94,105,95,95,90,102,24,62,0,12,0,0,0,0,0,0,-16,-17,-157,-156,-164,12,12,12,12,12,12,12,12,12,12,12,12,12]} 1. d4 Nf6 2. Nf3 g6 3. c4 Bg7 4. g3 O-O 5. Bg2 d6 6. O-O Nc6 7. Nc3 a6 8. e4 Bg4 9. Be3 Nd7 10. Qd2 Bxf3 {E63: King's Indian: Fianchetto: Panno Variation with 7...a6} 11. Bxf3 e5 12. d5 Nd4 13. Bg2 c5 14. dxc6 bxc6 15. f4 {[#] LiveBook: 11 Games} f5 $146 ({Predecessor:} 15... Rb8 16. Rf2 Nc5 17. Raf1 f5 18. exf5 gxf5 19. fxe5 dxe5 20. Bxc6 {0-1 (38) Mamedyarov,S (2752)-Kasimdzhanov,R (2690) Moscow 2007}) 16. exf5 gxf5 17. Bxc6 Nxc6 18. Qd5+ Kh8 19. Qxc6 exf4 20. gxf4 (20. Rxf4 $16 Re8 21. Nd5) 20... Nf6 21. Bb6 Rc8 22. Bxd8 Rxc6 23. Be7 Rb8 24. Rad1 {[#] b3 is the strong threat.} Rxb2 {And now ...Ng4 would win.} 25. Bxd6 Ng4 26. Be5 (26. Rf3 $1 $11 {remains equal.}) 26... Bxe5 $17 27. fxe5 {[%cal Bf4e5,Be5e6,Be6e7][%mdl 32] [#]} Rxc4 $2 (27... Rg6 $1 $19 {[%csl Gb2][%cal Rg4f2]} 28. Rd8+ Kg7) 28. e6 $11 {The position is equal.} Rxc3 29. e7 $1 {[%cal Re7e8]} Nf6 {aiming for ...Re3.} 30. Rxf5 Re3 {White must now prevent ...Ng8.} 31. Rxf6 Rxe7 32. Rxa6 Kg7 33. Kh1 h6 {Precision: White = 38%, Black = 55%.} 1/2-1/2

[Event "33rd ECCC Open 2017"]
[Site "Antalya"]
[Date "2017.10.12"]
[Round "3"]
[White "Nemeth, Miklos"]
[Black "Van, De Griendt"]
[Result "1/2-1/2"]
[WhiteElo "2489"]
[BlackElo "2354"]
[Annotator "TA"]
[PlyCount "83"]
[EventType "team-tourn"]
[EventCountry "TUR"]
[WhiteTeam "Dunajska Streda"]

{[%evp 22,83,31,17,36,31,10,-5,0,-40,-20,-36,-31,-39,0,0,0,-47,28,36,49,58,41,51,58,6,93,62,105,67,84,69,75,0,0,0,0,0,0,-6,-10,-16,0,0,0,0,2,2,2,0,6,0,0,0,27,0,0,0,0,0,40,2,8,0]} 1. e4 e6 2. d4 d5 3. Nd2 Nf6 4. e5 Nfd7 5. f4 c5 6. c3 Nc6 7. Ndf3 cxd4 8. cxd4 a5 9. Bd3 {C05: French Tarrasch: 3...Nf6 4 e5 Nfd7, 5 f4 and 5 Bd3 sidelines} (9. a3 a4 10. Bd3 Nb6 11. Ne2 Be7 12. h4 Bd7 13. h5 Nc4 14. Nc3 b5 15. f5 exf5 16. h6 g6 17. Nxd5 {½-½ (35) Hou,Y (2661)-Harika,D (2521) Sharjah 2014}) 9... a4 10. Ne2 Nb6 11. O-O Be7 12. g4 {LiveBook: 3 Games} h5 13. gxh5 Rxh5 14. Ng3 Rh8 $1 15. f5 Nc4 16. b3 $146 ({Predecessor:} 16. Rf2 Qb6 {0-1 (31) Mas,H (2413)-Das,A (2461) Kuala Lumpur 2011}) 16... axb3 17. Qxb3 Nb4 18. fxe6 Bxe6 19. Nf5 Bxf5 (19... Nxd3 $15 20. Nxg7+ Kd7 21. Nxe6 fxe6 22. Qxd3 Qg8+ 23. Kh1 Rh3) 20. Bxf5 $11 Qb6 21. Kh1 Ra6 22. a3 Nc6 23. Qc3 (23. Qd3 $14) 23... Qa5 {[#]} (23... g6 $11 24. Bg4 Qa7) 24. Qd3 $1 $16 Nd8 25. Ra2 g6 26. Bg4 Qb5 27. Bg5 (27. Ng5 $16) 27... Rxa3 $11 28. Rxa3 Nxa3 29. Qxb5+ Nxb5 30. Bxe7 Kxe7 31. Rb1 Nc7 32. Rb6 Rf8 33. Bc8 Nde6 34. Bxe6 fxe6 {[%mdl 4096] Endgame KRN-KRN} 35. Kg2 Kd7 36. Rxb7 Kc6 37. Rb4 Rf5 38. h4 {Strongly threatening Rb8.} Rf4 39. Kg3 Re4 40. Ng5 Re1 41. Rb8 {Threatens to win with Rg8.} (41. Kf2 $5 {[%cal Rf2e1]} Rd1 42. Ke2 $11) 41... Rd1 42. Rb4 {Precision: White = 38%, Black = 48%.} 1/2-1/2

[Event "33rd ECCC Open 2017"]
[Site "Antalya"]
[Date "2017.10.12"]
[Round "3"]
[White "Barnaure, Vlad-Victor"]
[Black "Yuksel, Ibrahim"]
[Result "1-0"]
[WhiteElo "2476"]
[BlackElo "1551"]
[Annotator "TA"]
[PlyCount "21"]
[EventType "team-tourn"]
[EventCountry "TUR"]
[WhiteTeam "Baia Mare"]
[BlackTeam "Genc"]

{[%evp 9,21,52,74,79,66,64,170,168,889,876,1291,1284,1731,1737]} 1. e4 d6 2. d4 g6 3. Nf3 Bg7 4. Bc4 e6 5. Qe2 Nf6 (5... Ne7 6. O-O a6 7. Bb3 O-O 8. Re1 Nd7 9. Nbd2 b5 10. Nf1 c5 11. c3 cxd4 12. cxd4 Nc6 13. Be3 {1-0 (63) Grigoriants,S (2576)-Nakamura,H (2786) chess.com INT 2017}) 6. e5 {B06: Modern Defence} dxe5 7. dxe5 {[#] Hoping for Bg5.} Nfd7 $146 (7... Nd5 $1 $14) ({Predecessor:} 7... Nd5 8. Bg5 Qd7 9. Bb5 c6 10. Bd3 h6 11. Bd2 Qc7 12. c4 Ne7 13. Bc3 {1-0 (36) Banikas,H (2626)-Royset,P (2190) Rethymno 2012}) 8. Bg5 $18 {[%cal Bc1g5,Bg5d8,Bd8c7][%mdl 32]} h6 $2 (8... f6) 9. Bxd8 {White is clearly winning.} O-O 10. Bxc7 Nxe5 11. Nxe5 1-0

[Event "33rd ECCC Open 2017"]
[Site "Antalya"]
[Date "2017.10.11"]
[Round "3"]
[White "Czebe, Attila"]
[Black "Townsend, M Paul"]
[Result "1-0"]
[WhiteElo "2467"]
[BlackElo "2194"]
[Annotator "TA"]
[PlyCount "69"]
[EventType "team-tourn"]
[EventCountry "TUR"]
[WhiteTeam "Dunajska Streda"]
[BlackTeam "White Rose"]

{[%evp 16,69,0,0,0,-41,-33,-35,-33,-39,-31,-23,-33,-40,-41,-54,-43,-44,-25,-43,-34,-37,-6,-14,0,0,17,0,32,-12,11,0,0,-4,27,31,22,16,76,17,77,90,102,88,100,78,76,87,133,125,225,215,682,675,674,674]} 1. c4 e6 2. Nf3 Nf6 3. d4 d5 4. Bg5 Be7 5. e3 O-O 6. Nbd2 Nbd7 7. Bd3 c5 8. O-O cxd4 9. exd4 b6 {D30: Damengambit (ohne Sc3)} 10. cxd5 (10. Qe2 {looks sharper.} Bb7 11. a3 Rc8 12. Rfc1 h6 13. Bf4) (10. Qe2 Bb7 11. cxd5 Nxd5 12. Qe4 g6 13. Qh4 Bxg5 14. Nxg5 N7f6 15. Ndf3 Qe7 16. Rfe1 Rac8 17. Rad1 {0-1 (47) Pogosian,G (2201)-Babayev,T (2344) Chern 2012}) 10... Nxd5 11. Bxe7 Qxe7 {Schwarz steht etwas besser.} 12. Qa4 $146 ({Vorgänger:} 12. Re1 Bb7 13. Ne4 Nf4 14. Bf1 Nf6 15. Ng3 {0-1 (36) Jakobei,J (2025)-Kovacs,R (2175) Hungary 2005}) 12... Bb7 13. Rfe1 Rfc8 14. a3 N7f6 15. Bf1 Qc7 16. Ne5 a6 17. Qb3 Ne7 18. Qh3 Ng6 19. Ndf3 Bxf3 20. Qxf3 Qd8 21. Rac1 b5 22. Bd3 Qd5 23. Qe3 Rxc1 24. Rxc1 Rd8 25. Bxg6 hxg6 26. h3 Qe4 (26... g5 $11) 27. b4 ({Besser ist} 27. Rc6 $16) 27... Qxe3 (27... Qb7 $11) 28. fxe3 $11 {[%cal Bf2e3,Be3e4][%mdl 4128] Endspiel KTS-KTS} Nd5 29. Kf2 g5 30. Rc6 Ra8 31. e4 Nf6 32. Ke3 Ra7 (32... a5 $16) 33. g4 $18 a5 $2 {[#]} (33... Ra8 34. Nf3 Nh7) 34. Rc8+ Kh7 35. Nc6 {Precision: Weiß = 59%, Schwarz = 36%.} 1-0

[Event "33rd ECCC Open 2017"]
[Site "Antalya"]
[Date "2017.10.11"]
[Round "3"]
[White "Asadli, Vugar"]
[Black "Erdos, Viktor"]
[Result "1/2-1/2"]
[WhiteElo "2448"]
[BlackElo "2624"]
[Annotator "TA"]
[PlyCount "62"]
[EventType "team-tourn"]
[EventCountry "TUR"]
[WhiteTeam "Genc"]
[BlackTeam "Baia Mare"]

{[%evp 17,62,0,0,-18,-7,-17,39,22,46,25,27,0,0,0,0,-14,-30,0,-7,-4,0,0,0,-11,0,0,0,0,0,-101,0,0,0,0,0,0,0,0,0,0,0,0,0,0,0,0,0]} 1. e4 e6 2. d4 d5 3. exd5 exd5 4. Bd3 Bd6 5. Nf3 Bg4 6. O-O Ne7 7. Bg5 Nbc6 8. c3 Qd7 9. Nbd2 O-O-O {LiveBook: 7 Games} 10. Bh4 {C01: French: Exchange Variation} Rde8 11. Bg3 Ng6 (11... Bxg3 $11 12. hxg3 (12. fxg3 Nf5 $14) 12... h5) 12. Qc2 $146 {White is slightly better.} ({Predecessor:} 12. Qa4 Nf4 13. Bb5 f6 14. Bxf4 Bxf4 15. Bxc6 Qxc6 16. Qxa7 Kd7 17. Rfe1 Bd6 {½-½ (31) Guerrero Sanmarti,R (2248)-Gonzalez Garcia,J (2503) Barcelona 2006}) 12... Kb8 13. Rfe1 Nf4 14. Bb5 a6 15. Rxe8+ Rxe8 16. Bxc6 Qxc6 17. Qxh7 Ne2+ 18. Kh1 {Black must now prevent Bxd6.} Nxg3+ 19. fxg3 Qb5 20. b3 Qe2 21. Qxg7 f5 $1 22. a4 Ka7 23. a5 {[#]} (23. Rg1 $11) 23... Re3 (23... Qe3 $1 $17 24. h3 Qxc3) 24. c4 $1 $11 {The position is equal.} Bxf3 25. Nxf3 Rxf3 26. gxf3 Qxf3+ {KQR-KQB} 27. Kg1 Qe3+ 28. Kg2 Qe2+ 29. Kh3 Qh5+ 30. Kg2 {[#] Threatens to win with Re1.} Qe2+ 31. Kh3 Qh5+ {Precision: White = 33%, Black = 60%.} 1/2-1/2

[Event "33rd ECCC Open 2017"]
[Site "Antalya"]
[Date "2017.10.11"]
[Round "3"]
[White "Van Haastert, Edwin"]
[Black "Kocak, Can"]
[Result "1-0"]
[WhiteElo "2447"]
[BlackElo "2039"]
[Annotator "TA"]
[PlyCount "73"]
[EventType "team-tourn"]
[EventCountry "TUR"]
[BlackTeam "Karaman"]

{[%evp 24,73,-6,-5,8,-8,54,20,52,43,41,38,57,48,61,58,43,45,66,37,55,43,47,18,25,24,72,45,256,249,303,296,331,335,322,312,374,366,319,343,293,261,567,561,895,853,818,826,29972,29973,29988,29989]} 1. e4 c5 2. Nf3 Nc6 3. Bb5 d6 4. O-O Bd7 5. c3 Nf6 6. Re1 a6 7. Ba4 b5 8. Bc2 Bg4 9. d3 e6 {B51: Sicilian: Moscow Variation (3 Bb5+) without 3...Bd7} 10. Nbd2 Be7 11. h3 Bh5 12. g4 Bg6 13. Nh4 {LiveBook: 3 Games} Nd7 14. Ng2 e5 (14... h5 $11) 15. Nf3 h5 16. g5 $1 Nf8 17. a4 $146 ({Predecessor:} 17. d4) 17... Ne6 18. axb5 axb5 19. Rxa8 Qxa8 20. Ngh4 Bh7 21. Kh2 Qd8 {[%cal Re6g5]} 22. Rg1 d5 23. Qe2 d4 24. Nf5 Bg6 25. Bb3 Qc7 $2 (25... O-O $14) 26. Bxe6 $1 $18 {[#] aiming for N5h4.} fxe6 27. N5h4 Bf7 28. g6 Bg8 29. Bg5 Bd6 30. Ra1 Qb7 31. cxd4 exd4+ 32. e5 Be7 $2 (32... Bb8 33. Qe4 Qb6) 33. Qe4 Kd7 34. Bxe7 Kxe7 {[#]} 35. b4 $1 {[%mdl 512]} cxb4 36. Nxd4 Kd7 37. Nxc6 {Precision: White = 73%, Black = 28%.} 1-0

[Event "33rd ECCC Open 2017"]
[Site "Antalya"]
[Date "2017.10.11"]
[Round "3"]
[White "Wells, Peter K"]
[Black "Petenyi, Tamas"]
[Result "0-1"]
[WhiteElo "2447"]
[BlackElo "2449"]
[Annotator "TA"]
[PlyCount "70"]
[EventType "team-tourn"]
[EventCountry "TUR"]
[WhiteTeam "White Rose"]
[BlackTeam "Dunajska Streda"]

{[%evp 23,70,52,120,37,126,89,145,-43,-29,-64,-38,-71,-33,-25,-24,-144,-145,-144,-150,-191,-206,-185,-191,-213,-214,-214,-211,-197,-190,-448,-31,-666,-646,-1062,-450,-404,-385,-1265,0,0,0,0,643,-2746,-2046,-29987,-29986,-29987,-1027]} 1. e4 c5 2. Nf3 d6 3. d4 cxd4 4. Nxd4 Nf6 5. Nc3 a6 6. Bg5 e6 7. f4 Be7 8. Qf3 h6 9. Bh4 Nbd7 10. O-O-O Qc7 11. Be2 b5 12. Bxf6 {B99: Sicilian Najdorf: 6 Bg5 e6 7 f4 Be7 8 Qf3 Qc7 9 0-0-0 Nbd7} gxf6 {LiveBook: 4 Games} (12... Nxf6 $14 13. e5 Bb7 14. exf6 (14. Qg3 dxe5 15. fxe5 Nd5 $11) 14... Bxf3 15. Bxf3 Rc8 16. Bc6+ Kf8 17. fxe7+ Qxe7) (12... Nxf6 13. e5 Bb7 14. Qg3 dxe5 15. fxe5 Nd5 16. Nxe6 fxe6 17. Qg6+ Kd7 18. Bg4 Qxe5 19. Nxd5 Qg5+ 20. Qxg5 Bxg5+ {½-½ (67) Robson,R (2583)-Le,Q (2717) Lubbock 2011}) 13. e5 (13. a3 $16) 13... Bb7 (13... d5 $1 $14) 14. Qh5 $16 {White is better.} Nc5 (14... Kf8 $142) 15. Bxb5+ $146 (15. exf6 $1 $16 b4 16. Ncb5 (16. fxe7 bxc3 17. b4 Ne4 $16) 16... axb5 17. Nxb5 (17. fxe7 Be4 $14)) ({Predecessor:} 15. Ndxb5 axb5 16. Nxb5 Qb6 17. Rxd6 Qa5 18. exf6 Bxf6 19. Qxc5 O-O {1-0 (54) Beliaev,V (2084)-Ahmetgaleev,A Kazan 2007}) 15... Kf8 $15 {[%cal Rd6e5]} 16. exf6 Bxf6 17. Be2 Rc8 18. Bf3 d5 $36 {[%mdl 2048] White is under pressure.} 19. Rhf1 {[#]} (19. Kb1 $11 {remains equal.}) 19... Na4 $1 $17 {[%cal Ra4c3][%mdl 512]} 20. Nxa4 {Strongly threatening Nc3.} Bxd4 $1 {[%csl Gc8][%cal Rc7c2]} 21. c3 Bf6 $1 ({Don't go for} 21... Qxf4+ $2 22. Kb1 $18) 22. f5 {[#] fxe6 is the strong threat.} e5 $1 {Hoping for ...Qa5.} ({Worse is} 22... Qf4+ 23. Kb1 $16) 23. Bxd5 Bxd5 24. Rxd5 {And now Nc5 would win.} Qc4 $1 {[%csl LRa2,LRa4,LRd5,LRf1]} 25. Qd1 {aiming for Nb6.} Qxa2 26. Nc5 $2 (26. Nb6 {was worth a try.} Rxc3+ 27. bxc3 Bg5+ 28. Rd2 Bxd2+ 29. Qxd2 Qa1+ 30. Kc2 Qxf1 31. f6 Qf5+ 32. Kb2) 26... Kg7 $2 ({Black should play} 26... Rb8 $19 {[%csl Gb8][%cal Ra2b2]} 27. Nd7+ Kg7) 27. Kc2 $2 {[%mdl 8192] [#]} (27. Ne4 $15 Rb8 28. Rf2) 27... Rb8 $1 $19 {[%cal Rb8b2]} 28. Ne6+ fxe6 (28... Kh7 $142 29. Rd7 Qxb2+ 30. Kd3 Rhc8 31. Rxf7+ Kg8 32. Rf8+ Rxf8) 29. Rd7+ Kg8 30. Qg4+ $2 (30. Qa1 Qb3+ 31. Kb1) 30... Kf8 $2 (30... Bg5 $19 31. Kd3 Qxb2) 31. fxe6 $11 {Threatening mate with Qg7+.} Qxb2+ 32. Kd3 {White wants to mate with Qg7+.} Qb5+ $2 {[%mdl 8192]} (32... e4+ $11 33. Qxe4 Qxc3+ 34. Ke2 Qb2+ 35. Rd2 Qb5+ 36. Rd3 Qh5+ 37. Rff3 Kg8) 33. Kd2 $4 {[%mdl 8192]} (33. c4 $18 Qb3+ 34. Ke2 Qb2+ 35. Rd2 Qxd2+ 36. Kxd2) 33... Qxf1 $19 34. Rf7+ Ke8 35. Qa4+ Qb5 {Precision: White = 15%, Black = 30%.} (35... Rb5 $142 36. Rxf6 Qxf6 37. Ke3 Rf8 38. e7 Qf2+ 39. Kd3 Rf4 40. Qxf4 Qxf4 41. g3 Qf3+ 42. Kd2 Rb2+ 43. Kc1 Qxc3+ 44. Kd1 Qd2#) 0-1